Germany Quiz For Kindergarteners - Statistics

General Stats
  • This quiz has been taken 62 times
  • The average score is 5 of 8
Answer Stats
Question Answer % Correct
Which flag is the Germany flag?
100%
Which has potatoes? Potato Pancakes
96%
Which is a German word? Brot
88%
Which is bratwurst?
83%
How much do you know about Germany? I know food and Germany now
71%
What word would you use to describe our presentation sigma
50%
Which is your favorite Pretzel
21%
How was this quiz? Skibidi
21%
No matching quizzes found
Score Distribution
Percent of People with Each Score
Percentile by Number Answered
Your Score History
You have not taken this quiz